Elementary manual on Indian wood technology (Record no. 40055)

MARC details
000 -LEADER
fixed length control field 00304nam a2200109Ia 4500
082 ## - DEWEY DECIMAL CLASSIFICATION NUMBER
Classification number 630*81(540)
Item number BRO
100 ## - MAIN ENTRY--AUTHOR NAME
Personal name H P
245 #0 - TITLE STATEMENT
Title Elementary manual on Indian wood technology
260 ## - PUBLICATION, DISTRIBUTION, ETC. (IMPRINT)
Place of publication Dehradun
Name of publisher International Book distributors
Year of publication 1989
942 ## - ADDED ENTRY ELEMENTS (KOHA)
Koha item type Books
Holdings
Withdrawn status Lost status Damaged status Not for loan Home library Current library Date acquired Cost, normal purchase price Full call number Accession Number Koha item type
        RRII Library RRII Library 16/12/2021 450.00 630*81(540) BRO 20372 Books